00329nam a2200121Ia 4500008004100000040001600041041001200057082001700069100002300086245003900109260004800148300001100196230917s9999||||xx |||||||||||||| ||und|| e46445aMAIN aEnglish a821.8 Y34R:W aRajan, Balachandra 0aW B Yeats: A critical introduction aLondonbHutchinson University Libraryc1965 a207 p.